LEADER 00937cam0-22003491i-450- 001 990004278340403321 005 20100512101040.0 035 $a000427834 035 $aFED01000427834 035 $a(Aleph)000427834FED01 035 $a000427834 100 $a19990604d1941----km-y0itay50------ba 101 0 $aita 102 $aIT 105 $ay-------00-c- 200 1 $a<>pentimento$fMax Scheler$gtraduzione di Giulio Alliney 210 $aMilano$cBocca$d1941 215 $a83 p.$d21 cm 225 1 $aOrientamenti$v5 610 0 $aPentimento 676 $a170$v21$zita 700 1$aScheler,$bMax$f<1874-1928>$050406 702 1$aAlliney,$bGiulio 801 0$aIT$bUNINA$gRICA$2UNIMARC 901 $aBK 912 $a990004278340403321 952 $aFondo Santamaria 294$b45456$fFSPBC 952 $aP.1 9D SCH 5$bST.FIL.255$fFLFBC 959 $aFSPBC 959 $aFLFBC 996 $aPentimento$9236015 997 $aUNINA LEADER 01257nam0-22003011i-450 001 990004375860403321 005 20180327105147.0 010 $a94-89-794-29-4 035 $a000437586 100 $a20021129g19992000km-y0itay50------ba 101 0 $aspa 102 $aES 105 $ay-------001zy 200 1 $aObras completas$fJuan Antonio Gaya Nuño$g[edición y prologo de Consolación Baranda Leturi] 210 $aMadrid$cBiblioteca Castro$d1999-2000 215 $a2 v.$d23 cm 327 $a1.: El santero de San Saturio ; Tratado de mendicidad ; Historia del cautivo ; Los gatos salvajes ; La coronica celestial ; Etiqueta o uniforme ; Los monstruos prestigiosos, 1. ; Robo en el museo ; El sistema métrico trinal. - 1999$a2.: Los trenes ; Mi final de la guerra ; Cuentos culturales para istruir deleitando ; Milagro a la fuerza y demás prodigios, 2. ; Otros relatos. - 2000 676 $a862.3$v20$zit 700 1$aGaya Nuño,$bJuan Antonio$0388834 702 1$aBaranda,$bConsolación 801 0$aIT$bUNINA$gRICA$2UNIMARC 901 $aBK 912 $a990004375860403321 952 $aP.3 B 13387(1)$bBibl.44332$fFLFBC 952 $aP.3 B 13387(2)$bBibl.44333$fFLFBC 959 $aFLFBC 996 $aObras completas$9541883 997 $aUNINA